| 000 | 00569nam a22001697a 4500 | ||
|---|---|---|---|
| 082 |
_a891.439309 _bSHA |
||
| 100 | _aShareef,Khalid | ||
| 245 |
_aUrdu Kay Shakar Afsanay _cKhalid Shareef |
||
| 260 |
_aLahore: _bMavra Publishers, _c2015 |
||
| 300 |
_a192p. _c25cm. |
||
| 563 | _aHB | ||
| 650 |
_aUrdu literature — Short stories _9129497 |
||
| 880 |
_6100-01\(3\r _aخالد شریف |
||
| 880 |
_6245-02\(3\r _aاردو کے شاہکار افسانے _bخالد شریف |
||
| 880 |
_6260-03\(3\r _aلاہور _bماورا پبلشر _c2015 |
||
| 942 |
_2ddc _cBK |
||
| 999 |
_c614153 _d614153 |
||